000
00288nam a22001097a 4500
008
170125b xxu||||| |||| 00| 0 eng d
020
_a
9780077460389
041
_a
eng
080
_2
4TH
_a
61
245
_a
MATH & DOSAGE CALCULATIONS FOR HEALTHCARE PROFESSIONALS
_c
BOOTH, K.A
942
_2
udc
_c
BK
999
_c
3695
_d
3695